000 01953nam a2200385 i 4500
001 179729
003 ES-MaACL
005 20240418104250.0
008 120113s2011 sp acfo |||| |bspa d
017 _aZ 846-2011
_bOficina Depósito Legal Zaragoza
020 _a9788483802670
040 _cES-MaACL
080 _a929 Costa, Joaquín (060.64)
245 0 0 _aJoaquín Costa, el fabricante de ideas :
_b[exposición] Paraninfo, Universidad de Zaragoza, del 22 de marzo al 5 de junio de 2011 /
_c[dirección, Ignacio Peiró Martín ; coordinación, María García Soria ; textos, José Carlos Mainer... et al.]
260 _a[Zaragoza] :
_bGobierno de Aragón, Dirección General de Cultura,
_c[2011]
300 _a318 páginas :
_bilustraciones (blanco y negro y color) ;
_c28 cm.
500 _aÍndice
500 _aCronología
504 _aBibliografía: páginas. 310-318
505 8 _aHomenaje a Joaquín Costa / Gabriel Jackson
585 _aExposición organizada por el Departamento de Educación, Cultura y Deporte del Gobierno de Aragón, con la colaboración del Vicerrectorado de Proyección Cultural y Social de la Universidad de Zaragoza y la Sociedad Estatal de Acción Cultural
600 1 7 _aCosta, Joaquín,
_d1846-1911-
_vExposiciones
_9149051
700 1 _aPeiró Martín, Ignacio.
_9149052
_epbd
700 1 _aGarcía Soria, María
_9235060
_epbl
700 1 _aMainer, José-Carlos,
_d1944-
_eaut
_975599
700 1 _aJackson, Gabriel,
_d1921-2019
_965809
_eaut
710 2 _aUniversidad de Zaragoza
_97352
_ehis
710 1 _aAragón.
_bDiputación General
_91410
_eedt
740 0 2 _aHomenaje a Joaquín Costa.
852 _aES-MaACL
_jA-11846/Ej.1
_bR.148108
_cDEPO1
_dOlim: N-4851
_xEncuadernación: cartoné
_zX-36
_zDuplicado
_9186629
852 _aES-MaACL
_jN-8202
_cDEPOJ
_xEncuadernación: cartoné
_9186628
942 _cMONOGRAFIA
_n0
999 _c179729
_d179729